LEADER 01054nam a2200253 u 4500 001 000000013745 003 CaOOAMICUS 005 20070226105702.0 008 940713s1950 be u000 u eng u 035 $a10326961 040 $aPUL(R)$bita 100 1 $aCrowley, Theodore,$cO.F.M.$0(OLS)http://pul/name/12883 245 10$aRoger Bacon:$bthe problem of the soul in his philosophical commentaries /$cby Theodore Crowley. 260 $aLouvain :$bInstitut supérieur de philosophie,$c1950. 300 $a223 p. ;$c23 cm 500 $aContiene indice. 504 $a"Bibliography": p. [211]-219. 600 14$aBacon, Francis,$d1561-1626.$0(OLS)http://pul/subject/3372 850 $aPUL 852 $aPUL$W1$xDP2 Filosofia 1$y62$m83 C 57$j19323$nBK-PRI$b $qStampati$B19323$CPULBib$Z2$F19323 $81 941 1 $a8 961 $aINV: 30219 996 $6245$aRoger Bacon: :$bthe problem of the soul in his philosophical commentaries$9(OLS)http://pul/title/19798 996 $6260$aLouvain :$bInstitut supérieur de philosophie$9(OLS)http://pul/publisher/54133 LEADER 01394nam a2200301 u 4500 001 000000055252 003 CaOOAMICUS 005 20070226115750.0 008 010119s1970 it u000 u ita u 035 $a10865932 040 $aPUL(R)$bita$dPUL(R) 041 1 $aita$heng 100 1 $aFromm, Erich,$d1900-1980.$0(OLS)http://pul/name/12998 240 10$aYou shall be as gods.$lItaliano.$0(OLS)http://pul/title/74011 245 10$aVoi sarete come dei :$buna interpretazione radicale del vecchio testamento e della sua tradizione /$cErich Fromm. 260 $aRoma :$bUbaldini,$cc1970. 300 $a158 p. ;$c21 cm 490 1 $aUlisse 504 $aBibliografia in nota. 630 04$aBiblia.$pV.T.$xCritica e interpretazione.$0(OLS)http://pul/subject/3062 830 0$aUlisse.$0(OLS)http://pul/title/61360 850 $aPUL 852 $aPUL$W1$xDP1 Fondo Giannini$y60$m1562 F 26$j72689$nBK-PRI$b $qFondi$B72689$CPULBib$Z2$F72689 $H $81 852 $aPUL$W1$xCollocazioni Temporanee$y24$mGP2 A III.34$j72690$nBK-PRI$b $qStampati$B72690$CPULBib$Z2$F72690 $H $81 941 1 $a1 961 $aINV: 0137 996 $6245$aVoi sarete come dei :$buna interpretazione radicale del vecchio testamento e della sua tradizione$9(OLS)http://pul/title/74012 996 $6260$aRoma :$bUbaldini$9(OLS)http://pul/publisher/60242